|
|
|
|
| LEADER |
00000cam a2200000 7i4500 |
| 001 |
0000018330 |
| 005 |
20080718.0 |
| 008 |
080605 |
| 020 |
|
|
|a 9832149312
|
| 090 |
0 |
0 |
|a 153.8
|b MOT
|
| 245 |
1 |
0 |
|a Motivasi ke arah kejayaan & kecemerlangan diri remaja muslim :
|b memburu kejayaan, keyakinan diri, kecemerlangan dan keperibadian muslim sejati
|c susunan Rahman Bin Awang Nor
|
| 260 |
|
|
|a Selangor :
|b Penerbitan Darul Iman ,
|c 2003
|
| 650 |
|
0 |
|a Motivation (Psycology)
|
| 650 |
|
0 |
|a Psycology
|
| 999 |
|
|
|a 0001009075
|b Book
|c Adult Collection
|e Perbadanan Perpustakaan Awam Johor
|
| 999 |
|
|
|a 0001009076
|b Book
|c Adult Collection
|e Perbadanan Perpustakaan Awam Johor
|